Les pays avec un nombre d'habitants inférieur à New York - Statistiques

Statistiques générales
  • Ce quiz a été pris 124 fois
    81 depuis la dernière actualisation
  • Le résultat moyen est 44 sur 93
Statistiques - réponses
Habitants Pays % Correct
498 Vatican
91%
38,631 Monaco
85%
33,581 Saint Marin
85%
81,938 Andorre
77%
39,870 Liechtenstein
76%
673,036 Luxembourg
76%
928,784 Fidji
68%
393,396 Islande
67%
130,418 Seychelles
65%
1,360,546 Estonie
64%
1,871,871 Lettonie
62%
2,859,110 Lituanie
62%
866,628 Comores
59%
539,607 Malte
59%
179,744 Sainte Lucie
59%
327,777 Vanuatu
59%
5,617,310 Finlande
58%
526,923 Micronésie
58%
46,843 Saint-Christophe-et-Niévès
58%
100,616 Saint-Vincent et les Grenadines
58%
104,175 Tonga
58%
5,977,412 Danemark
56%
831,087 Guyana
56%
5,576,660 Norvège
56%
4,515,577 Panama
56%
218,019 Samoa
56%
5,832,387 Singapour
56%
2,118,697 Slovénie
56%
2,791,765 Albanie
55%
417,072 Belize
55%
5,255,017 Irlande
55%
1,771,065 Kosovo
55%
527,799 Maldives
55%
9,646 Tuvalu
55%
282,467 Barbade
53%
524,877 Cap-Vert
53%
1,358,282 Chypre
53%
1,242,822 Eswatini
53%
2,839,175 Jamaïque
53%
1,823,009 Macédoine du Nord
53%
5,506,760 Slovaquie
53%
634,431 Suriname
53%
1,400,638 Timor oriental
53%
1,607,049 Bahreïn
52%
66,205 Dominique
52%
117,207 Grenade
52%
3,048,423 Qatar
52%
462,721 Bruneï
50%
3,875,325 Croatie
50%
3,034,961 Moldavie
50%
5,213,944 Nouvelle-Zélande
50%
6,338,193 Salvador
50%
5,129,910 Costa Rica
48%
11,947 Nauru
48%
235,536 Sao Tomé-et-Principe
48%
401,283 Bahamas
47%
6,736,216 Serbie
47%
93,772 Antigua-et-Barbuda
45%
1,168,722 Djibouti
45%
37,548 Îles Marshall
45%
1,507,782 Trinité-et-Tobago
45%
791,524 Bhoutan
44%
2,759,988 Gambie
44%
4,934,507 Koweït
44%
638,479 Monténégro
44%
6,916,140 Nicaragua
44%
3,386,588 Uruguay
44%
1,892,516 Guinée équatoriale
42%
819,198 Salomon
42%
2,973,840 Arménie
41%
134,518 Kiribati
39%
3,164,253 Bosnie-Herzégovine
38%
3,475,540 Mongolie
38%
17,695 Palaos
38%
5,805,962 Liban
36%
6,929,153 Paraguay
36%
6,757,689 Bulgarie
35%
2,201,352 Guinée-Bissau
33%
7,769,819 Laos
30%
5,281,538 Oman
30%
2,538,952 Gabon
27%
3,535,603 Erythrée
26%
7,186,009 Kirghizistan
24%
5,612,817 Liberia
21%
7,494,498 Turkmenistan
18%
6,332,961 Congo
15%
3,030,131 Namibie
15%
5,330,690 République centrafricaine
12%
2,521,139 Botswana
11%
7,381,023 Libye
9%
5,169,395 Mauritanie
6%
1,271,169 Mauritanie
6%
2,337,423 Leshoto
5%
Aucun quiz correspondant
Distribution des résultats
% des personnes avec chaque résultat
Percentile par nombre de réponses
Votre historique - résultats
Vous n’avez pas pris ce quiz depuis la dernière actualisation